[Event "Moratalaz Open 2007"]
[Site "Madrid ESP"]
[Date "2007.09.22"]
[Round "8.16"]
[White "Sanchez Gonzalez, Sergio"]
[Black "Herrero Corada, Jose Ignacio"]
[Result "1-0"]
[WhiteElo "2098"]
[BlackElo "1942"]
[PlyCount "103"]
[EventDate "2007.09.15"]
[EventType "swiss"]
[EventRounds "9"]
[EventCountry "ESP"]
[Source "lmi"]
[SourceDate "2007.09.13"]

1. c4 c6 2. e4 d5 3. exd5 cxd5 4. cxd5 Nf6 5. Nc3 Nxd5 6. Nf3 e6 7. Bc4 Nf4 8.
d4 Nxg2+ 9. Kf1 Nh4 10. Ne5 Bd6 11. Bb5+ Nd7 12. Ne4 Bxe5 13. dxe5 O-O 14. Bg5
Qc7 15. Bxh4 Qxe5 16. Bd3 Nc5 17. Nxc5 Qxc5 18. Rg1 f5 19. Rc1 Qe5 20. Qh5 Bd7
21. Be7 Rfc8 22. Rd1 Be8 23. Qg5 Bg6 24. b3 Qxh2 25. Bc4 Rxc4 26. bxc4 Qh3+ 27.
Qg2 Qc3 28. f3 f4 29. Qe2 Bf5 30. Bc5 Bh3+ 31. Kf2 Qf6 32. Ke1 Qc3+ 33. Rd2 Rd8
34. a3 Rxd2 35. Qxd2 Qe5+ 36. Kd1 Qxc5 37. Qd8+ Qf8 38. Qc7 Qf7 39. Qc8+ Qf8
40. Qc7 Qf7 41. Qe5 Bf5 42. Ke2 Bg6 43. Rd1 h6 44. Rd6 Bf5 45. Qd4 Qg6 46. Qxa7
Qg2+ 47. Qf2 Qxf2+ 48. Kxf2 h5 49. Rd8+ Kh7 50. Rd7 Bc2 51. Rxb7 Bb3 52. Rxb3
1-0

[Event "Moratalaz Open 2007"]
[Site "Madrid ESP"]
[Date "2007.09.22"]
[Round "8.19"]
[White "Horcajada Reales, Guillermo"]
[Black "Marcos Herrero, Francisco"]
[Result "1-0"]
[WhiteElo "2190"]
[BlackElo "1940"]
[PlyCount "81"]
[EventDate "2007.09.15"]
[EventType "swiss"]
[EventRounds "9"]
[EventCountry "ESP"]
[Source "lmi"]
[SourceDate "2007.09.13"]

1. e4 d6 2. c4 Nf6 3. Nc3 g6 4. d4 Bg7 5. Be2 O-O 6. Nf3 e5 7. O-O Nc6 8. d5
Ne7 9. Nd2 a5 10. Rb1 Ne8 11. a3 f5 12. b4 Nf6 13. f3 f4 14. c5 axb4 15. axb4
g5 16. Nc4 Ne8 17. Bd2 Rf7 18. Qc2 h5 19. Ra1 Rxa1 20. Rxa1 g4 21. Ra8 Bf8 22.
fxg4 Rg7 23. gxh5 Qd7 24. Qd3 Nf6 25. cxd6 cxd6 26. Nb6 Qc7 27. Nxc8 Nxc8 28.
Qh3 Nb6 29. Ra2 Nc4 30. h6 Rg6 31. Bxc4 Ng4 32. h7+ Kh8 33. Be1 Qxc4 34. Ra8
Qd4+ 35. Kh1 Rf6 36. Qxg4 Kxh7 37. Rd8 Bg7 38. Rd7 Rg6 39. Qh5+ Rh6 40. Qf5+
Rg6 41. Rxd6 1-0

[Event "Moratalaz Open 2007"]
[Site "Madrid ESP"]
[Date "2007.09.22"]
[Round "8.20"]
[White "Tejedor Ariza, Francisco"]
[Black "Ivanovich Balsinde, Nicholas"]
[Result "0-1"]
[WhiteElo "1952"]
[BlackElo "2151"]
[PlyCount "108"]
[EventDate "2007.09.15"]
[EventType "swiss"]
[EventRounds "9"]
[EventCountry "ESP"]
[Source "lmi"]
[SourceDate "2007.09.13"]

1. e4 e5 2. Nf3 Nc6 3. Bb5 a6 4. Bxc6 dxc6 5. d4 exd4 6. Qxd4 Qxd4 7. Nxd4 Bd7
8. Nc3 O-O-O 9. Be3 Ne7 10. O-O-O c5 11. Nf3 Nc6 12. Ng5 Be8 13. Rxd8+ Nxd8 14.
Rd1 f6 15. Nh3 Bd6 16. Nf4 Bc6 17. f3 Re8 18. g4 Nf7 19. Kd2 Ne5 20. Ke2 Nc4
21. b3 Nxe3 22. Kxe3 Be5 23. Nce2 g6 24. Nd3 Bd6 25. Kf2 b6 26. Ng3 Bb5 27. a4
Bd7 28. h4 c4 29. Nb2 cxb3 30. cxb3 Be6 31. Nc4 Bc5+ 32. Ke2 b5 33. axb5 axb5
34. Na5 Bb6 35. b4 Bxa5 36. bxa5 Kb7 37. Ke3 Ka6 38. Rc1 Re7 39. Ne2 Bc4 40. h5
gxh5 41. gxh5 Bxe2 42. Kxe2 Kxa5 43. Kd3 Kb6 44. Rg1 Re5 45. Rh1 Rg5 46. Kd4
c5+ 47. Ke3 b4 48. Kd3 Kb5 49. h6 c4+ 50. Kd4 c3 51. f4 Rc5 52. e5 fxe5+ 53.
fxe5 c2 54. Kd3 c1=Q 0-1

[Event "Moratalaz Open 2007"]
[Site "Madrid ESP"]
[Date "2007.09.23"]
[Round "9.2"]
[White "Vazquez, Renier"]
[Black "Perez, Orelvis"]
[Result "1/2-1/2"]
[WhiteElo "2553"]
[BlackElo "2412"]
[PlyCount "143"]
[EventDate "2007.09.15"]
[EventType "swiss"]
[EventRounds "9"]
[EventCountry "ESP"]
[Source "lmi"]
[SourceDate "2007.09.13"]

1. d4 d5 2. Nf3 Nc6 3. Bf4 Bg4 4. Nbd2 e6 5. e3 Bd6 6. Bxd6 Qxd6 7. c4 Nge7 8.
Be2 f5 9. c5 Qd7 10. h3 Bxf3 11. Nxf3 O-O 12. g3 Ng6 13. h4 Nh8 14. Bb5 Nf7 15.
Ng5 a6 16. Ba4 b5 17. cxb6 cxb6 18. Bxc6 Qxc6 19. Rc1 Qd7 20. Nxf7 Rxf7 21. Qc2
Qb5 22. Qc6 Rff8 23. Qxe6+ Kh8 24. b3 f4 25. gxf4 Rae8 26. Qg4 Qd3 27. Rh3 Qxd4
28. Kf1 Qf6 29. Qg5 Rc8 30. Rxc8 Rxc8 31. Rg3 Qf7 32. h5 h6 33. Qe5 Rc6 34. a4
Rf6 35. b4 Kh7 36. b5 axb5 37. axb5 Qd7 38. Kg2 Rf8 39. Qd4 Rf6 40. Qd3+ Kg8
41. Rg6 Rf5 42. Qe2 d4 43. Qc4+ Qd5+ 44. Qxd5+ Rxd5 45. exd4 Rxb5 46. Kf3 Kf7
47. Ke4 Rb2 48. Rc6 b5 49. Rb6 b4 50. Kf5 b3 51. Rb7+ Kf8 52. d5 Rd2 53. Kg6 b2
54. Rb8+ Ke7 55. Kxg7 Rxf2 56. Kxh6 Kf6 57. d6 Rd2 58. d7 Kf5 59. Rb5+ Kxf4 60.
Rxb2 Rxd7 61. Rb5 Kg4 62. Rb6 Kf5 63. Rg6 Ra7 64. Rg7 Ra1 65. Rf7+ Kg4 66. Rg7+
Kf5 67. Kh7 Rh1 68. h6 Kf6 69. Rg2 Rh3 70. Rf2+ Ke7 71. Kg7 Rg3+ 72. Kh8
1/2-1/2

[Event "Moratalaz Open 2007"]
[Site "Madrid ESP"]
[Date "2007.09.23"]
[Round "9.3"]
[White "Madina, Martin"]
[Black "Ballesteros Gonzalez, David"]
[Result "1/2-1/2"]
[WhiteElo "2344"]
[BlackElo "2196"]
[PlyCount "60"]
[EventDate "2007.09.15"]
[EventType "swiss"]
[EventRounds "9"]
[EventCountry "ESP"]
[Source "lmi"]
[SourceDate "2007.09.13"]

1. d4 Nf6 2. c4 g6 3. Nc3 Bg7 4. e4 d6 5. Nf3 O-O 6. Be2 c5 7. O-O cxd4 8. Nxd4
Nc6 9. Be3 Bd7 10. Qd2 Ng4 11. Bxg4 Bxg4 12. f3 Be6 13. Nd5 Bxd5 14. exd5 Nxd4
15. Bxd4 Rc8 16. Bxg7 Kxg7 17. Qd4+ Kg8 18. Qxa7 Rxc4 19. Qxb7 Qa5 20. Qxe7
Qxd5 21. Qe2 Rfc8 22. Rad1 Qc5+ 23. Qf2 Qa5 24. a3 Rc2 25. Qd4 Rb8 26. Rfe1 Qg5
27. g3 Rcxb2 28. f4 Qh5 29. Rd2 Rxd2 30. Qxd2 Qc5+ 1/2-1/2

[Event "Moratalaz Open 2007"]
[Site "Madrid ESP"]
[Date "2007.09.23"]
[Round "9.4"]
[White "Rubio Mejia, Luis"]
[Black "Korneev, Oleg"]
[Result "0-1"]
[WhiteElo "2270"]
[BlackElo "2565"]
[PlyCount "70"]
[EventDate "2007.09.15"]
[EventType "swiss"]
[EventRounds "9"]
[EventCountry "ESP"]
[Source "lmi"]
[SourceDate "2007.09.13"]

1. d4 Nf6 2. c4 g6 3. Nc3 Bg7 4. e4 d6 5. Nf3 O-O 6. Be2 e5 7. O-O Nc6 8. d5
Ne7 9. b4 Kh8 10. Nd2 Nd7 11. a4 f5 12. Ba3 Nf6 13. Re1 g5 14. Bf1 f4 15. c5
Bg4 16. Be2 Bxe2 17. Qxe2 g4 18. f3 Ng6 19. fxg4 f3 20. Qxf3 Nxd5 21. Qxf8+
Bxf8 22. exd5 Qg5 23. Nde4 Qxg4 24. h3 Qh4 25. Rf1 Be7 26. cxd6 cxd6 27. Bc1
Rc8 28. Be3 Rc4 29. Bf2 Qh6 30. Bxa7 Nf4 31. Kh2 Qg6 32. g3 Nh5 33. g4 Nf6 34.
Nxf6 Rxc3 35. Nh5 Qd3 0-1

[Event "Moratalaz Open 2007"]
[Site "Madrid ESP"]
[Date "2007.09.23"]
[Round "9.5"]
[White "Alarcia Astiz, Carlos"]
[Black "Elissalt Cardenas, Hector"]
[Result "1/2-1/2"]
[WhiteElo "2173"]
[BlackElo "2329"]
[PlyCount "69"]
[EventDate "2007.09.15"]
[EventType "swiss"]
[EventRounds "9"]
[EventCountry "ESP"]
[Source "lmi"]
[SourceDate "2007.09.13"]

1. e4 e6 2. d3 d5 3. Nd2 Nf6 4. Ngf3 Nc6 5. c3 a5 6. Qc2 e5 7. Be2 dxe4 8. dxe4
Bc5 9. O-O O-O 10. b3 Qe7 11. a3 Nh5 12. Nc4 Nf4 13. Bxf4 exf4 14. b4 Ba7 15.
e5 f6 16. Rfe1 f5 17. h4 h6 18. h5 Be6 19. Qd2 Qf7 20. Qxf4 axb4 21. axb4 Ne7
22. Ne3 Qxh5 23. Nd4 Ng6 24. Qg3 f4 25. Bxh5 fxg3 26. fxg3 Bxd4 27. cxd4 Ne7
28. Bf3 c6 29. b5 Rfd8 30. Rxa8 Rxa8 31. bxc6 bxc6 32. Rc1 Ra4 33. Bxc6 Rxd4
34. Bf3 Rd7 35. Be4 1/2-1/2

[Event "Moratalaz Open 2007"]
[Site "Madrid ESP"]
[Date "2007.09.23"]
[Round "9.6"]
[White "Almagro Llanas, Pablo"]
[Black "Unciti Juan, Javier"]
[Result "1-0"]
[WhiteElo "2413"]
[BlackElo "2139"]
[PlyCount "59"]
[EventDate "2007.09.15"]
[EventType "swiss"]
[EventRounds "9"]
[EventCountry "ESP"]
[Source "lmi"]
[SourceDate "2007.09.13"]

1. e4 e5 2. Nf3 Nc6 3. Bb5 a6 4. Ba4 Nf6 5. O-O Nxe4 6. d4 b5 7. Bb3 d5 8. dxe5
Be6 9. Be3 Be7 10. Nbd2 Nc5 11. c3 Nd3 12. Qe2 Ncxe5 13. Nd4 Bg4 14. f3 Bh5 15.
Nf5 Bg6 16. Nxg7+ Kf8 17. f4 Kxg7 18. fxe5 c5 19. Nf3 Re8 20. Bc2 c4 21. Bd4
Bc5 22. Bxd3 Bxd3 23. Qe3 Bxd4 24. Nxd4 Bxf1 25. Rxf1 Rb8 26. Qg3+ Kh8 27. Rxf7
Rg8 28. Qh3 Rg7 29. Rxg7 Kxg7 30. Ne6+ 1-0

[Event "Moratalaz Open 2007"]
[Site "Madrid ESP"]
[Date "2007.09.23"]
[Round "9.7"]
[White "De la Fuente Gonzalez, Francisco"]
[Black "Sanchez Gonzalez, Sergio"]
[Result "1/2-1/2"]
[WhiteElo "2230"]
[BlackElo "2098"]
[PlyCount "30"]
[EventDate "2007.09.15"]
[EventType "swiss"]
[EventRounds "9"]
[EventCountry "ESP"]
[Source "lmi"]
[SourceDate "2007.09.13"]

1. c4 Nf6 2. g3 c6 3. Bg2 d5 4. cxd5 cxd5 5. Nf3 Nc6 6. O-O Bg4 7. d4 e6 8. Nc3
Be7 9. Ne5 Nxe5 10. dxe5 Nd7 11. Qa4 Bh5 12. e4 dxe4 13. Be3 a6 14. Qxe4 O-O
15. Rfe1 Nc5 1/2-1/2

[Event "Moratalaz Open 2007"]
[Site "Madrid ESP"]
[Date "2007.09.23"]
[Round "9.8"]
[White "Suarez Uriel, Adrian"]
[Black "Estrada Martinez, Cesar"]
[Result "0-1"]
[WhiteElo "1668"]
[BlackElo "2211"]
[PlyCount "60"]
[EventDate "2007.09.15"]
[EventType "swiss"]
[EventRounds "9"]
[EventCountry "ESP"]
[Source "lmi"]
[SourceDate "2007.09.13"]

1. c4 c5 2. g3 Nf6 3. Bg2 d5 4. cxd5 Nxd5 5. Nc3 Nc7 6. Nf3 Nc6 7. O-O e5 8. d3
Be7 9. Nd2 Bd7 10. a4 O-O 11. Nc4 f6 12. Ne4 Be6 13. a5 Nd5 14. Ne3 Nd4 15.
Nxd5 Bxd5 16. Nd2 Bxg2 17. Kxg2 Qd5+ 18. Kg1 Rac8 19. Nc4 f5 20. Be3 f4 21.
Bxd4 exd4 22. Nd2 fxg3 23. fxg3 Rxf1+ 24. Qxf1 Bg5 25. Nc4 Re8 26. Qf3 Qd7 27.
Rf1 h6 28. Nd6 Re7 29. Qd5+ Kh7 30. Qxc5 Rxe2 0-1

[Event "Moratalaz Open 2007"]
[Site "Madrid ESP"]
[Date "2007.09.23"]
[Round "9.9"]
[White "Garcia Esteban, Juan Ignacio"]
[Black "Enjuto Velasco, Roberto"]
[Result "1/2-1/2"]
[WhiteElo "2080"]
[BlackElo "2183"]
[PlyCount "64"]
[EventDate "2007.09.15"]
[EventType "swiss"]
[EventRounds "9"]
[EventCountry "ESP"]
[Source "lmi"]
[SourceDate "2007.09.13"]

1. e4 c5 2. Nf3 Nc6 3. d4 cxd4 4. Nxd4 g6 5. Nc3 Bg7 6. Be3 d6 7. Bc4 Nf6 8. f3
a6 9. Qd2 h5 10. O-O-O Bd7 11. h3 h4 12. Nde2 Na5 13. Bb3 Nxb3+ 14. cxb3 a5 15.
Kb1 a4 16. bxa4 Qa5 17. b3 Bc6 18. Nf4 Nd7 19. Ncd5 Qd8 20. Rc1 e6 21. Nc3 Qa5
22. Rhd1 O-O 23. Nfe2 Rfd8 24. Bg5 Bf6 25. Bxf6 Nxf6 26. Nd4 d5 27. e5 Nd7 28.
f4 Kg7 29. Rc2 Qb6 30. Qf2 Rh8 31. Ncb5 Rh5 32. Rdc1 Ra6 1/2-1/2

[Event "Moratalaz Open 2007"]
[Site "Madrid ESP"]
[Date "2007.09.23"]
[Round "9.10"]
[White "Barez Menendez, Hector"]
[Black "Sanchez Crespo, Ignacio"]
[Result "0-1"]
[WhiteElo "2169"]
[BlackElo "1972"]
[PlyCount "70"]
[EventDate "2007.09.15"]
[EventType "swiss"]
[EventRounds "9"]
[EventCountry "ESP"]
[Source "lmi"]
[SourceDate "2007.09.13"]

1. Nf3 Nf6 2. c4 g6 3. g3 Bg7 4. Bg2 O-O 5. O-O d6 6. d4 Nc6 7. Nc3 Bf5 8. b3
Ne4 9. Bb2 Nxc3 10. Bxc3 Be4 11. Qd2 e5 12. d5 Ne7 13. Qe3 Bxd5 14. Rad1 Bc6
15. Nxe5 Bxg2 16. Kxg2 Nf5 17. Qc1 Qf6 18. Nd7 Qxc3 19. Qxc3 Bxc3 20. Nxf8 Kxf8
21. e4 Ne7 22. f4 Nc6 23. g4 Re8 24. Kf3 Bb4 25. g5 Bc5 26. Rfe1 Nd4+ 27. Kg4
Nc2 28. b4 Ne3+ 29. Kf3 Nxd1 30. bxc5 Nc3 31. cxd6 cxd6 32. Re3 Na4 33. Ra3 Nc5
34. Rxa7 Rxe4 35. Rxb7 Rxf4+ 0-1